00670nam a2200157 a 450000500170000000800410001702000180005805000280007610000300010424500800013426000540021430000170026852001830028565000340046865000100050220140412111232.0040210s19uu xx 00 eng d a0-590-93101-6 aTR(GS 370.15bN551 1998 aNicholson-Nelson, Kristen aDeveloping students' multiple intelligences /cby Kristen Nicholson-Nelson. aNew York :bScholastic Professional Books,c1998. a160 p ; ill. aTaking you step-by-step through the process of designing lessons plans that reach your word-smart, picture-smart, people-smart, body-smart, self-smart, and number-smart students! aEducation--Study and teaching aTitle